| 000 | 00000nam##2200000za#4500 |
| 001 | 9.572295 |
| 003 | CaOODSP |
| 005 | 20210624183140 |
| 007 | cr ||||||||||| |
| 008 | 150406|2001||||xxc|||||o f|0| 0 eng|d |
| 040 | |aCaOODSP|beng |
| 043 | |an-cn--- |
| 086 | 1 |aNH18-22/101-104E-PDF |
| 110 | 2 |aCanada Mortgage and Housing Corporation. |
| 245 | 10|aMonitoring the performance of an EIFS retrofit on a 15-storey apartment building |h[electronic resource] |
| 260 | |aOttawa - Ontario : |bCanada Mortgage and Housing Corporation |c[2001]. |
| 300 | |a4p.|bfig. |
| 490 | 1 |aResearch highlight. Technical series |v01-104 |
| 590 | |a11-29-Supp|b2011-11-25 |
| 690 | 07|aConstruction industry|2gcpds |
| 775 | 08|tSuivi de la performance d'un SIFE installé en rattrapage sur une tour d'habitation de 15 étages |w(CaOODSP)9.602673 |
| 776 | 0#|tMonitoring the performance of an EIFS retrofit on a 15-storey apartment building |w(CaOODSP)9.615743 |
| 830 | #0|aResearch highlight. Technical series ;|v01-104|w(CaOODSP)9.504482 |
| 856 | 40|ahttp://publications.gc.ca|qPDF|s126 KB|uhttps://publications.gc.ca/collections/Collection/NH18-22-101-104E.pdf|y01-104 |